[Event "aston294"]
[Site "SchemingMind.com"]
[Date "2007.07.09"]
[Round "-"]
[White "spoke"]
[Black "Tahur"]
[Result "1/2-1/2"]
[WhiteCountry "GER"]
[BlackCountry "ARG"]
[WhiteElo "1711"]
[WhiteRD "63"]
[BlackElo "1763"]
[BlackRD "54"]
[GameID "112208"]

1. e4 c5 2. Nf3 d6 3. d4 cxd4 4. Nxd4 Nf6 5. Nc3 a6 6. f4 e5 7. Nf3 Qb6 8. Bc4 Ng4 9. Qe2 exf4 10. Nd5 Qc6
11. Bxf4 b5 12. Bb3 h5 13. h3 Ne5 14. Nxe5 dxe5 15. Bxe5 f6 16. Nc7+ Ke7 17. Bd5 Qc5 18. Nxa8 fxe5 19. Qf2 Qxf2+ 20. Kxf2 Kd8
21. Rad1 Bc5+ 22. Ke2 Nd7 23. Bc6 Rh6 24. Bxd7 Bxd7 25. Rd5 Bd6 26. Rhd1 Ke7 27. Nb6 Rg6 28. Kf2 Rf6+ 29. Ke3 g5 30. Nxd7 Kxd7
31. Rxe5 Kc6 32. Rf5 Bc5+ 33. Kf3 Rg6 34. g4 hxg4+ 35. Kxg4 Re6 36. e5 Be7 37. Kf3 Rh6 38. Kg3 a5 39. a3 Rh4 40. c3 Re4
41. b4 Re3+ 42. Kg4 axb4 43. cxb4 Rxa3 44. Rd6+ Bxd6 45. exd6 Rd3 46. Rc5+ Kxd6 47. Rxb5 Ke6 48. Rxg5 Rd4+ 49. Kh5=
1/2-1/2

[Event "aston294"]
[Site "SchemingMind.com"]
[Date "2007.07.09"]
[Round "-"]
[White "Tahur"]
[Black "spoke"]
[Result "1-0"]
[WhiteCountry "ARG"]
[BlackCountry "GER"]
[WhiteElo "1763"]
[WhiteRD "54"]
[BlackElo "1711"]
[BlackRD "63"]
[GameID "112216"]

1. e4 e5 2. Bc4 Nf6 3. d3 Bc5 4. Nc3 Nc6 5. f4 d6 6. Nf3 Bg4 7. h3 Bxf3 8. Qxf3 Nd4 9. Qd1 a6 10. fxe5 dxe5
11. a3 b5 12. Ba2 a5 13. Rf1 b4 14. Na4 Ba7 15. c3 b3 16. cxd4 bxa2 17. dxe5 Nxe4 18. Rf4 Nf2 19. Rxf2 Bxf2+ 20. Kxf2 Qh4+
21. Kf1 O-O 22. d4 Rad8 23. Be3 Rd7 24. Qf3 f5 25. Qc6 f4 26. Bf2 Qd8 27. Rxa2 Rxd4 28. Bxd4 Qxd4 29. Qe6+ Kh8 30. Qb3 Qxe5
31. Qd1 f3 32. gxf3 Qf4 33. b3 Qg3 34. Rg2 Qxf3+ 35. Qxf3 Rxf3+ 36. Rf2 Rxf2+ 37. Kxf2 Kg8 38. Nc5
1-0

[Event "aston294"]
[Site "SchemingMind.com"]
[Date "2007.07.15"]
[Round "-"]
[White "Quaff"]
[Black "jhw"]
[Result "1-0"]
[WhiteCountry "ENG"]
[BlackCountry "RSA"]
[WhiteElo "1750"]
[WhiteRD "82"]
[BlackElo "1439"]
[BlackRD "63"]
[GameID "112367"]

1. e4 c5 2. Nf3 Nc6 3. Bb5 g6 4. c3 Bg7 5. Bxc6 bxc6 6. d3 d5 7. h3 dxe4 8. dxe4 Qxd1+ 9. Kxd1 Nf6 10. Nbd2 Ba6
11. Re1 O-O 12. Nb3 Rad8+ 13. Bd2 Nd7 14. Kc2
1-0

[Event "aston294"]
[Site "SchemingMind.com"]
[Date "2007.07.15"]
[Round "-"]
[White "jhw"]
[Black "Quaff"]
[Result "0-1"]
[WhiteCountry "RSA"]
[BlackCountry "ENG"]
[WhiteElo "1439"]
[WhiteRD "63"]
[BlackElo "1750"]
[BlackRD "82"]
[GameID "112375"]

1. Nf3 Nf6 2. c4 Nc6 3. d4 g6 4. Nc3 e6 5. e4 d6 6. Bg5 Bg7 7. e5 dxe5 8. dxe5 Qxd1+ 9. Rxd1 Nd7 10. Be2 Ndxe5
11. Nb5 O-O 12. Nxc7 Rb8 13. Nxe5 Bxe5
0-1

[Event "aston294"]
[Site "SchemingMind.com"]
[Date "2007.07.13"]
[Round "-"]
[White "Neutrino"]
[Black "neoliminal"]
[Result "1-0"]
[WhiteCountry "EGY"]
[BlackCountry "CRC"]
[WhiteElo "1574"]
[WhiteRD "104"]
[BlackElo "1197"]
[BlackRD "91"]
[GameID "112788"]

1. d4 e6 2. Nf3 d6 3. e4 Nf6 4. Nc3 Be7 5. Bc4 c6 6. O-O h5 7. Re1 e5 8. dxe5 Ng4 9. exd6 Qxd6 10. Qxd6 Bxd6
11. h3 Nf6 12. e5 O-O 13. exd6 Be6 14. Bxe6 fxe6 15. Rxe6 Nbd7 16. Bf4 Nd5 17. Nxd5 cxd5 18. Bg3 Rac8 19. c3 Rf6 20. Rxf6
1-0

[Event "aston294"]
[Site "SchemingMind.com"]
[Date "2007.07.13"]
[Round "-"]
[White "neoliminal"]
[Black "Neutrino"]
[Result "0-1"]
[WhiteCountry "CRC"]
[BlackCountry "EGY"]
[WhiteElo "1197"]
[WhiteRD "91"]
[BlackElo "1574"]
[BlackRD "104"]
[GameID "112794"]

1. e4 c5 2. Bc4 e6 3. Nf3 Nc6 4. O-O d6 5. d3 Nf6 6. Bg5 Be7 7. Bxf6 Bxf6 8. c3 O-O 9. Nbd2 a6 10. g3 b5
11. Bb3 Bb7 12. d4 cxd4 13. cxd4 Nxd4 14. Nxd4 Bxd4 15. Nf3 Bxb2 16. Bc2 Bxa1 17. e5 Bxe5 18. Nxe5 dxe5 19. Qd3 Qxd3
0-1

[Event "aston294"]
[Site "SchemingMind.com"]
[Date "2007.07.14"]
[Round "-"]
[White "jankep"]
[Black "sidra"]
[Result "1-0"]
[WhiteCountry "POL"]
[BlackCountry "HUN"]
[WhiteElo "2066"]
[WhiteRD "88"]
[BlackElo "1722"]
[BlackRD "82"]
[GameID "112897"]

1. e4 e5 2. Bc4 d6 3. f4 exf4 4. Nf3 h6 5. d4 g5 6. O-O Bg4 7. e5 dxe5 8. Bxf7+ Ke7 9. Bg6 Bxf3 10. Qxf3 Nc6
11. dxe5 Nxe5 12. Qe4 Bg7 13. Nc3 c6 14. Qb4+ Kf6 15. Bxf4 Kxg6 16. Qe4+ Kh5 17. Ne2 g4 18. Ng3+ Kh4 19. Nf5+ Kh5 20. Nxg7+ Kh4
21. Bg3+ Kg5 22. Qf5#
1-0

[Event "aston294"]
[Site "SchemingMind.com"]
[Date "2007.07.15"]
[Round "-"]
[White "sidra"]
[Black "jankep"]
[Result "0-1"]
[WhiteCountry "HUN"]
[BlackCountry "POL"]
[WhiteElo "1671"]
[WhiteRD "79"]
[BlackElo "2070"]
[BlackRD "86"]
[GameID "112900"]

1. d4 e6 2. a3 h6 3. c4 Nf6 4. f3 c5 5. e3 d5 6. dxc5 Bxc5 7. b4 Bd6 8. cxd5 Nxd5 9. e4 Qh4+ 10. Ke2 Nf4+
11. Bxf4 Qxf4 12. Nh3 Qf6 13. Nd2 Be5 14. Rc1 O-O 15. Nc4 Rd8 16. Qc2 Nc6 17. Nxe5 Nd4+ 18. Kf2 Nxc2 19. Ng4 Qd4+ 20. Kg3 Nxa3
21. Nf4 f5 22. exf5 exf5 23. Nf2 g5 24. N2h3 gxf4+ 25. Nxf4 b5 26. Be2 Qxb4 27. h4 Kh7 28. Rc7+ Rd7 29. Rxd7+ Bxd7 30. Nd3 Rg8+
31. Kf2 Qd4+ 32. Ke1 Rxg2 33. f4 Qa1+ 34. Bd1 Qc3+ 35. Kf1 Qd2 36. Rg1 Rxg1+ 37. Kxg1 Qxd1+
0-1

[Event "aston294"]
[Site "SchemingMind.com"]
[Date "2007.07.16"]
[Round "-"]
[White "gjttjg"]
[Black "dadshane2000"]
[Result "0-1"]
[WhiteCountry "USA"]
[BlackCountry "USA"]
[WhiteElo "1203"]
[WhiteRD "115"]
[BlackElo "1874"]
[BlackRD "71"]
[GameID "113066"]

1. e4 e5 2. Nf3 Nc6 3. d3 Bc5 4. Be3 Bxe3 5. fxe3 Nf6 6. Nc3 d6 7. Qe2 Bg4 8. h3 Bd7 9. O-O-O a6 10. h4 Bg4
11. a3 Nh5 12. Qf2 Ne7 13. Be2 Nf6 14. d4 exd4 15. exd4 Qd7 16. Bc4 O-O 17. e5 Nh5 18. Nd5 Nxd5
0-1

[Event "aston294"]
[Site "SchemingMind.com"]
[Date "2007.07.17"]
[Round "-"]
[White "mikewharvey"]
[Black "Clive Everill"]
[Result "1-0"]
[WhiteCountry "GBR"]
[BlackCountry "CZE"]
[WhiteElo "1722"]
[WhiteRD "89"]
[BlackElo "1665"]
[BlackRD "65"]
[GameID "113067"]

1. c4 Nf6 2. Nc3 g6 3. Nf3 Bg7 4. g3 d5 5. cxd5 Nxd5 6. Bg2 Nxc3 7. bxc3 O-O 8. O-O c6 9. Rb1 Nd7 10. d4 Qa5
11. Qb3 e5 12. Ba3 Re8 13. Ng5 Nf6 14. Qxf7+ Kh8 15. Bb4 Qd8 16. Qb3 exd4 17. Nf7+
1-0

[Event "aston294"]
[Site "SchemingMind.com"]
[Date "2007.07.16"]
[Round "-"]
[White "dadshane2000"]
[Black "gjttjg"]
[Result "1-0"]
[WhiteCountry "USA"]
[BlackCountry "USA"]
[WhiteElo "1874"]
[WhiteRD "71"]
[BlackElo "1203"]
[BlackRD "115"]
[GameID "113069"]

1. e4 Nc6 2. Bb5 Ne5 3. d4 a6 4. Ba4 c6 5. dxe5 f6 6. Nf3 d6 7. exd6 Qxd6 8. Qxd6 exd6 9. Nc3 Ne7 10. Nd5 Rb8
11. Nxe7 Bxe7 12. Bb3 b5 13. O-O h5 14. Nd4 c5 15. Nc6 Rb6 16. Nxe7 Kxe7 17. Bd5 g5 18. Bd2 h4 19. Ba5 Rb8 20. Bc7 Rb7
21. Bxb7 Bxb7 22. Rad1 Bxe4 23. Bxd6+ Ke6 24. Rfe1 f5 25. f3
1-0

[Event "aston294"]
[Site "SchemingMind.com"]
[Date "2007.07.17"]
[Round "-"]
[White "Clive Everill"]
[Black "mikewharvey"]
[Result "1-0"]
[WhiteCountry "CZE"]
[BlackCountry "GBR"]
[WhiteElo "1633"]
[WhiteRD "59"]
[BlackElo "1730"]
[BlackRD "84"]
[GameID "113070"]

1. Nf3 Nf6 2. g3 d5 3. d4 Nc6 4. Bg2 Bf5 5. a3 e6 6. O-O h6 7. Nbd2 Bd6 8. Re1 O-O 9. Nh4 Nxd4 10. Nxf5 Nxf5
11. e4 dxe4 12. Nxe4 Nxe4 13. Bxe4 Qf6 14. Bxb7 Rad8 15. Qg4 Bc5 16. Rf1 Rd4 17. Qe2 Rd6 18. c3 e5 19. Be4 Qe6 20. Qg4 Ne7
21. Qe2 f5 22. Bb1 Kh8 23. Be3 Bb6 24. Ba2 Qg6 25. b4 Rdf6 26. c4 c6 27. Bxb6 axb6 28. Qxe5 Nc8 29. c5 b5 30. Rad1 Re8
31. Qc3 f4 32. Rd3
1-0

[Event "aston294"]
[Site "SchemingMind.com"]
[Date "2007.07.19"]
[Round "-"]
[White "Kenny Elliott"]
[Black "lemmie"]
[Result "1-0"]
[WhiteCountry "USA"]
[BlackCountry "NED"]
[WhiteElo "1579"]
[WhiteRD "86"]
[BlackElo "1681"]
[BlackRD "66"]
[GameID "113273"]

1. c4 e5 2. Nc3 Nf6 3. Nf3 Nc6 4. e4 Bc5 5. Be2 d6 6. h3 Be6 7. O-O h6 8. d3 O-O 9. a3 a6 10. b4 Bd4
11. Nxd4 Nxd4 12. Be3 Nxe2+ 13. Nxe2 Nh7 14. Ng3 f5 15. exf5 Bxf5 16. Nxf5 Rxf5 17. Qg4 Rf6 18. d4 Qe7 19. dxe5 Qxe5 20. Rae1 Qf5
21. Qxf5 Rxf5 22. f4 Re8 23. g4 Rf7 24. f5 Nf6 25. Bd4 Rxe1 26. Rxe1 Nd7 27. Re8+ Rf8 28. Rxf8+ Kxf8 29. Kg2 Kf7 30. Kg3 Ne5
31. Kf4 Kf6 32. h4 b6 33. g5+ hxg5+ 34. hxg5+ Ke7 35. Bxe5 dxe5+ 36. Kxe5 Kd7 37. a4 c6 38. g6 Ke7 39. a5 b5 40. c5 Kf8
41. Kd6 Ke8 42. Kxc6 Ke7 43. Kb6 Kf6 44. c6 Kxf5 45. c7 Kxg6 46. c8=Q Kh7 47. Kxa6 g5 48. Kb6 Kh6 49. a6 Kh5 50. a7 Kh4
51. a8=Q g4 52. Qg2 Kh5 53. Qcxg4+ Kh6 54. Qg6#
1-0

[Event "aston294"]
[Site "SchemingMind.com"]
[Date "2007.07.20"]
[Round "-"]
[White "federico"]
[Black "Orome"]
[Result "0-1"]
[WhiteCountry "USA"]
[BlackCountry "SUI"]
[WhiteElo "1299"]
[WhiteRD "210"]
[BlackElo "1816"]
[BlackRD "224"]
[GameID "113275"]

1. d4 d5 2. c4 e6 3. Nc3 Nf6 4. Nf3 c6 5. e3 Nbd7 6. Bd3 dxc4 7. Bxc4 b5 8. Bd3 a6 9. e4 c5 10. e5 Ng4
11. h3 cxd4 12. Nxd4 Ngxe5 13. O-O Nc5 14. Be4 Nxe4 15. Nxe4 Bb7 16. Re1 Qd5 17. f3 Rd8 18. Be3 Nc4 19. Re2 Nxe3 20. Rxe3 Qxd4
21. Qxd4 Rxd4
0-1

[Event "aston294"]
[Site "SchemingMind.com"]
[Date "2007.07.18"]
[Round "-"]
[White "lemmie"]
[Black "Kenny Elliott"]
[Result "1-0"]
[WhiteCountry "NED"]
[BlackCountry "USA"]
[WhiteElo "1688"]
[WhiteRD "68"]
[BlackElo "1576"]
[BlackRD "87"]
[GameID "113280"]

1. e4 c5 2. Nf3 d6 3. Nc3 Nc6 4. d4 cxd4 5. Nxd4 Nxd4 6. Qxd4 e5 7. Qd1 Be7 8. Bc4 Nf6 9. h3 O-O 10. O-O Bd7
11. Be3 a6 12. a3 b5 13. Bb3 Rb8 14. Nd5 Nxe4 15. Nxe7+ Qxe7 16. Qd3 Nc5 17. Bxc5 dxc5 18. Qg3 c4 19. Ba2 Rfe8 20. b3 c3
21. b4 Rbc8 22. Rfe1 Qf6 23. Re3 e4 24. Rae1 Bf5 25. Bb3 h5 26. h4 g6 27. f3 Qb6 28. Kh1 Qd4 29. fxe4 Bxe4 30. Rxe4 Rxe4
31. Qxg6+ Qg7 32. Qxe4 Rf8 33. Re3 Kh8 34. Qf3 Rg8 35. Qxh5+ Qh7 36. Qxf7
1-0

[Event "aston294"]
[Site "SchemingMind.com"]
[Date "2007.07.18"]
[Round "-"]
[White "Orome"]
[Black "federico"]
[Result "1-0"]
[WhiteCountry "SUI"]
[BlackCountry "USA"]
[WhiteElo "1816"]
[WhiteRD "224"]
[BlackElo "1299"]
[BlackRD "210"]
[GameID "113282"]

1. e4 e5 2. f4 exf4 3. Nf3 d6 4. d4 g5 5. h4 g4 6. Ng5 d5 7. Qe2 Qe7 8. exd5 Qxe2+ 9. Bxe2 Bd6 10. Ne4 Na6
11. Bxa6 bxa6 12. Nxd6+ cxd6 13. Bxf4 Ne7 14. Bxd6 Nxd5 15. O-O Be6 16. c4 Ne3 17. d5 Nxf1 18. Kxf1 Kd7 19. Be5 f6 20. dxe6+ Kxe6
21. Bf4 Rad8 22. Nd2 Kf5 23. g3 Rhe8 24. Re1 Rxe1+ 25. Kxe1 Rc8 26. Kd1 a5 27. Kc2 a4 28. Kc3 a5 29. Kd4 Rd8+ 30. Kc5 a3
31. b3 Rxd2 32. Bxd2 Ke4 33. Bxa5
1-0

[Event "aston294"]
[Site "SchemingMind.com"]
[Date "2007.07.19"]
[Round "-"]
[White "nevereverwin"]
[Black "knightrider"]
[Result "0-1"]
[WhiteCountry "ENG"]
[BlackCountry "USA"]
[WhiteElo "1344"]
[WhiteRD "100"]
[BlackElo "1473"]
[BlackRD "68"]
[GameID "113401"]

1. e4 c5 2. Nf3 Nc6 3. d4 cxd4 4. Nxd4 Nf6 5. Nc3 e5 6. Ncb5 exd4 7. Bd3 d6 8. O-O h6 9. c3 a6 10. Nxd4 d5
11. Be3 Be7 12. Nf5 Bxf5 13. exf5 d4 14. Bd2 Qd5 15. g3 dxc3 16. Bxc3 Nd4 17. Bxd4 O-O 18. Bxf6 Bxf6 19. Bc2 Qb5 20. Bd3 Qxb2
21. Rb1 Qxa2 22. Rxb7 Qd5 23. Qb3 Qxb3 24. Rxb3 a5 25. Rc3 Bxc3 26. Rc1 Bd4 27. Re1 Rad8 28. Be2 Rfe8 29. Kf1 a4 30. Bc4 Rxe1+
31. Kg2 Rc8 32. Ba2 Rc2
0-1

[Event "aston294"]
[Site "SchemingMind.com"]
[Date "2007.07.19"]
[Round "-"]
[White "Isolation"]
[Black "rougon"]
[Result "1/2-1/2"]
[WhiteCountry "BEL"]
[BlackCountry "USA"]
[WhiteElo "2073"]
[WhiteRD "118"]
[BlackElo "1756"]
[BlackRD "72"]
[GameID "113402"]

1. d4 d5 2. c4 e6 3. Nc3 c5 4. cxd5 exd5 5. Nf3 Nc6 6. g3 Nf6 7. Bg2 Be6 8. O-O Be7 9. Bg5 O-O 10. dxc5 Bxc5
11. Bxf6 Qxf6 12. Nxd5 Qxb2 13. Nc7 Rad8 14. Qc1 Qxc1 15. Raxc1 Bb6 16. Nxe6 fxe6 17. Rc4 h6 18. Re4 Rd6 19. Rb1 Rfd8 20. Bh3 Kf7
21. a4 Rd1+ 22. Rxd1 Rxd1+ 23. Kg2 Rd6 24. Rc4=
1/2-1/2

[Event "aston294"]
[Site "SchemingMind.com"]
[Date "2007.07.19"]
[Round "-"]
[White "knightrider"]
[Black "nevereverwin"]
[Result "1-0"]
[WhiteCountry "USA"]
[BlackCountry "ENG"]
[WhiteElo "1495"]
[WhiteRD "64"]
[BlackElo "1318"]
[BlackRD "105"]
[GameID "113405"]

1. e4 e5 2. Nf3 Nc6 3. Bb5 Nf6 4. O-O d5 5. Nxe5 Qd6 6. exd5 Qxd5 7. Qe2 Bd6 8. Nxc6+ Ne4 9. Nb4+ Bd7 10. Nxd5 c6
11. Qxe4+ Be6 12. Ba4 O-O 13. Nf4 b5 14. Nxe6 Rfe8 15. Bb3 fxe6 16. Bxe6+ Kf8 17. Qf5+ Ke7 18. Qf7+
1-0

[Event "aston294"]
[Site "SchemingMind.com"]
[Date "2007.07.19"]
[Round "-"]
[White "rougon"]
[Black "Isolation"]
[Result "0-1"]
[WhiteCountry "USA"]
[BlackCountry "BEL"]
[WhiteElo "1756"]
[WhiteRD "72"]
[BlackElo "2073"]
[BlackRD "118"]
[GameID "113406"]

1. d4 d5 2. c4 c6 3. Nf3 dxc4 4. a4 Nf6 5. e3 Be6 6. Nc3 c5 7. Ng5 Bg4 8. Be2 Bxe2 9. Nxe2 Qd5 10. h4 Nc6
11. Nf4 Qd7 12. Nf3 e6 13. O-O cxd4 14. exd4 Be7 15. Ne5 Nxe5 16. dxe5 Qxd1 17. Rxd1 Nd7 18. g3 Nxe5 19. Be3 b6 20. Rac1 O-O
21. Rxc4 Nxc4
0-1

[Event "aston294"]
[Site "SchemingMind.com"]
[Date "2007.07.25"]
[Round "-"]
[White "palaciorep"]
[Black "bdenley"]
[Result "0-1"]
[WhiteCountry "ARG"]
[BlackCountry "USA"]
[WhiteElo "1623"]
[WhiteRD "77"]
[BlackElo "1635"]
[BlackRD "73"]
[GameID "113525"]

1. e4 c5 2. Nf3 Nc6 3. Bc4 Nf6 4. d3 g6 5. Ng5 e6 6. Nc3 Ne5 7. Bb3 a6 8. a3 b5 9. O-O Bb7 10. Bf4 Nc6
11. Ne2 d6 12. c4 Na5 13. cxb5 axb5 14. Bc2 Nh5 15. Bd2 Nc6 16. Ng3 h6 17. Nh3 Nf6 18. b4 c4 19. dxc4 bxc4 20. Ba4 Bg7
21. Bc3 O-O 22. Bxc6 Bxc6 23. Bxf6 Bxf6 24. Ra2 Rc8 25. Qc1 Bb7 26. Qxh6 c3 27. Rc2 Rc4 28. Re1 Bg7 29. Qc1 Qb6 30. Kh1 Rfc8
31. f3 d5 32. exd5 Bxd5 33. Nf2 Rh4 34. Nfe4 Qb8 35. Qg5 Rh7 36. Nf6+ Bxf6 37. Qxf6 Qxg3 38. h3 Qxe1+ 39. Kh2 Qd1 40. Rxc3 Rxc3
41. Qxc3 Bb7 42. Qc7 Qd5 43. Qb8+ Kg7 44. Qc7 Kh6 45. Qf4+ Qg5 46. Qb8 f6 47. Qf8+ Kh5 48. Qd6 Qe5+
0-1

[Event "aston294"]
[Site "SchemingMind.com"]
[Date "2007.07.25"]
[Round "-"]
[White "bdenley"]
[Black "palaciorep"]
[Result "1-0"]
[WhiteCountry "USA"]
[BlackCountry "ARG"]
[WhiteElo "1635"]
[WhiteRD "71"]
[BlackElo "1637"]
[BlackRD "76"]
[GameID "113536"]

1. e4 e5 2. Nf3 Nc6 3. Nc3 a6 4. d4 exd4 5. Nxd4 Qf6 6. Be3 Bc5 7. Nxc6 Bxe3 8. fxe3 dxc6 9. Bc4 b5 10. Bb3 Ne7
11. Rf1 Qh6 12. Bxf7+ Kf8 13. Qd8#
1-0

[Event "aston294"]
[Site "SchemingMind.com"]
[Date "2007.08.24"]
[Round "-"]
[White "nikita68"]
[Black "Neutrino"]
[Result "0-1"]
[WhiteCountry "RUS"]
[BlackCountry "EGY"]
[WhiteElo "1836"]
[WhiteRD "111"]
[BlackElo "1774"]
[BlackRD "103"]
[GameID "117619"]

1. c4 e5 2. Nc3 Nf6 3. g3 Bb4 4. Bg2 Nc6 5. Nd5 Bc5 6. d3 Nxd5 7. cxd5 Ne7 8. Nf3 Ng6 9. O-O c6 10. Nxe5 Bxf2+
11. Rxf2 Nxe5 12. e4 O-O 13. d4 Ng6 14. e5 cxd5 15. Bxd5 d6 16. exd6 Qxd6 17. Qf3 Be6
0-1

[Event "aston294"]
[Site "SchemingMind.com"]
[Date "2007.08.24"]
[Round "-"]
[White "Neutrino"]
[Black "nikita68"]
[Result "1-0"]
[WhiteCountry "EGY"]
[BlackCountry "RUS"]
[WhiteElo "1774"]
[WhiteRD "103"]
[BlackElo "1836"]
[BlackRD "111"]
[GameID "117628"]

1. d4 Nf6 2. c4 e6 3. Nf3 Bb4+ 4. Nbd2 d5 5. Qa4+ Nc6 6. a3 Bxd2+ 7. Bxd2 O-O 8. e3 Ne4 9. Qc2 f5 10. cxd5 exd5
11. Be2 Qf6 12. O-O Be6 13. Bc3 Nxc3 14. bxc3 f4 15. e4 dxe4 16. Qxe4 Rae8 17. Rfe1
1-0

[Event "aston294"]
[Site "SchemingMind.com"]
[Date "2007.08.28"]
[Round "-"]
[White "rampichino"]
[Black "Tahur"]
[Result "1-0"]
[WhiteCountry "ITA"]
[BlackCountry "ARG"]
[WhiteElo "1587"]
[WhiteRD "55"]
[BlackElo "1832"]
[BlackRD "55"]
[GameID "118378"]

1. e4 c5 2. c3 Nf6 3. e5 Nd5 4. d4 cxd4 5. cxd4 d6 6. Nf3 Nc6 7. Bc4 dxe5 8. Nxe5 e6 9. O-O Bd6 10. Bxd5 exd5
11. Nxc6 bxc6 12. Re1+ Kf8 13. b3 Qf6 14. Ba3 Bxa3 15. Nxa3 Ba6 16. Qd2 Qd6 17. Nc2 Rb8 18. Rac1 Rb6 19. Ne3 Qf4 20. g3 Qf3
21. Rc3 Qf6 22. Ng4 Qd6 23. Rce3 Rb8 24. Qa5= Bb7 25. Qxa7 h5 26. Ne5 Kg8 27. Nf3 Kh7 28. Re7 Qb4 29. a3 Qxb3 30. Ng5+ Kg6
31. Nxf7 Rhf8 32. R1e6+= Kh7 33. Qxb8 Qb1+ 34. Kg2 Qe4+ 35. Rxe4 Rxb8 36. R4e6 Kg8 37. Nd6 Ba6 38. Re8+ Rxe8 39. Rxe8+ Kh7 40. Ra8 Be2
41. a4 g5 42. a5 g4 43. a6 Bxa6 44. Rxa6 Kg6 45. Rxc6 Kf6 46. f3 gxf3+ 47. Kxf3 Ke6 48. Ne4+ Ke7 49. Nc3 Kd7 50. Rh6 h4
51. Nxd5 hxg3 52. Kxg3 Kd8 53. Kf4 Ke8 54. h4
1-0

[Event "aston294"]
[Site "SchemingMind.com"]
[Date "2007.08.28"]
[Round "-"]
[White "Tahur"]
[Black "rampichino"]
[Result "1-0"]
[WhiteCountry "ARG"]
[BlackCountry "ITA"]
[WhiteElo "1763"]
[WhiteRD "54"]
[BlackElo "1581"]
[BlackRD "56"]
[GameID "118384"]

1. e4 d5 2. exd5 Qxd5 3. Nc3 Qa5 4. Nf3 Nf6 5. d4 c6 6. Bc4 Bf5 7. O-O e6 8. Bd2 Qc7 9. Re1 Bd6 10. Bg5 Nbd7
11. g3 O-O-O 12. Nh4 Bg4 13. Qd2 h6 14. Bxf6 Nxf6 15. Ne4 Be7 16. c3 g5 17. Nxf6 Bxf6 18. Re4 h5 19. Ng2 h4 20. Rxg4
1-0

[Event "aston294"]
[Site "SchemingMind.com"]
[Date "2007.09.21"]
[Round "-"]
[White "Canuck36"]
[Black "Be0wulf"]
[Result "1-0"]
[WhiteCountry "CAN"]
[BlackCountry "PHI"]
[WhiteElo "1555"]
[WhiteRD "84"]
[BlackElo "1412"]
[BlackRD "78"]
[GameID "121187"]

1. d4 Nf6 2. c4 e6 3. Nc3 d5 4. Bg5 c6 5. Nf3 Bd6 6. e3 Nbd7 7. cxd5 exd5 8. Bd3 O-O 9. O-O h6 10. Bxf6 Nxf6
11. e4 dxe4 12. Nxe4 Bg4 13. Nc5 Qc7 14. g3 Rad8 15. Nb3 Rfe8 16. Be2 Ne4 17. Nbd2 h5 18. Re1 Re6 19. Rc1 Rde8 20. Nc4 Bxg3
21. hxg3 Nxg3 22. Nce5 Nxe2+ 23. Qxe2
1-0

[Event "aston294"]
[Site "SchemingMind.com"]
[Date "2007.09.21"]
[Round "-"]
[White "Be0wulf"]
[Black "Canuck36"]
[Result "0-1"]
[WhiteCountry "PHI"]
[BlackCountry "CAN"]
[WhiteElo "1412"]
[WhiteRD "78"]
[BlackElo "1555"]
[BlackRD "84"]
[GameID "121196"]

1. e4 c5 2. Nf3 e6 3. d4 cxd4 4. Nxd4 a6 5. a4 Nc6 6. Be3 Nf6 7. Bd3 d5 8. Nxc6 bxc6 9. e5 Nd7 10. Bf4 Bc5
11. c3 f6 12. Qh5+ Ke7 13. b4 Ba7 14. O-O Nf8 15. exf6+ gxf6 16. Re1 Bd7 17. Nd2 Be8 18. Qh6 Kd7 19. c4 Bd4 20. Rac1 f5
21. cxd5 cxd5 22. Rc7+ Qxc7
0-1

[Event "aston294"]
[Site "SchemingMind.com"]
[Date "2007.09.28"]
[Round "-"]
[White "dadshane2000"]
[Black "jankep"]
[Result "0-1"]
[WhiteCountry "USA"]
[BlackCountry "POL"]
[WhiteElo "1885"]
[WhiteRD "70"]
[BlackElo "2142"]
[BlackRD "82"]
[GameID "122446"]

1. e4 e6 2. d4 d5 3. Nc3 Nf6 4. Bg5 dxe4 5. Nxe4 Be7 6. Bxf6 gxf6 7. Bc4 c6 8. c3 f5 9. Ng3 Nd7 10. Nf3 h5
11. h4 a5 12. a4 Qc7 13. Qe2 Nf6 14. Ne5 Ng4 15. Nf3 Qf4 16. Nf1 Bd7 17. Ne3 Nxe3 18. Qxe3 Qxe3+ 19. fxe3 Bd6 20. Kf2 f6
21. Rhg1 O-O-O 22. g3 Rdg8 23. Rg2 Rg4 24. Rag1 Rg7 25. Ne1 Rhg8 26. Nd3 b5 27. Bb3 Re8 28. Nf4 Rh7 29. Bd1 e5 30. dxe5 fxe5
31. Ne2 Kc7 32. Bc2 bxa4 33. Bxa4 Rb8 34. Rb1 Be6 35. b3 Bc5 36. c4 Rd8 37. Nc1 Rd2+ 38. Kf1 Rxg2 39. Kxg2 Bxe3 40. Nd3 f4
41. Nxe5 Rg7 42. Kf3 Rxg3+ 43. Ke4 Bg8
0-1

[Event "aston294"]
[Site "SchemingMind.com"]
[Date "2007.09.30"]
[Round "-"]
[White "jankep"]
[Black "dadshane2000"]
[Result "1-0"]
[WhiteCountry "POL"]
[BlackCountry "USA"]
[WhiteElo "2100"]
[WhiteRD "82"]
[BlackElo "1864"]
[BlackRD "74"]
[GameID "122449"]

1. d4 Nf6 2. c4 c5 3. d5 g6 4. Nc3 d6 5. e4 Bg7 6. Nf3 Bg4 7. Be2 Nbd7 8. O-O O-O 9. Be3 Qb6 10. Rb1 Rfe8
11. h3 Bxf3 12. Bxf3 a5 13. b3 Nf8 14. Nb5 h5 15. Qc2 N8h7 16. e5 Nd7 17. e6 Ne5 18. exf7+ Kxf7 19. Bxh5 Nf6 20. Be2 Rh8
21. f4 Ned7 22. Bd3 Rh6 23. Rbe1 Re8 24. f5 g5 25. Bxg5 Rhh8 26. Re6 Ne5 27. a4 Bh6 28. Bxf6 Be3+ 29. Kh1 Nxd3 30. Bxh8
1-0

[Event "aston294"]
[Site "SchemingMind.com"]
[Date "2007.10.16"]
[Round "-"]
[White "bdenley"]
[Black "Quaff"]
[Result "1-0"]
[WhiteCountry "USA"]
[BlackCountry "ENG"]
[WhiteElo "1626"]
[WhiteRD "78"]
[BlackElo "1607"]
[BlackRD "71"]
[GameID "124184"]

1. e4 e5 2. Nf3 Nc6 3. Bc4 h6 4. h3 Bc5 5. Nc3 Nf6 6. O-O d6 7. d3 Na5 8. Bb3 Nxb3 9. axb3 a6 10. Be3 Ba7
11. Bxa7 Rxa7 12. b4 O-O 13. b5 a5 14. b4 b6 15. bxa5 bxa5 16. Ra4 Bd7 17. Qb1 c5 18. Ra3 Qb6 19. Nd2 Rb8 20. Nc4 Qd8
21. b6 Ra6 22. Na4 d5 23. exd5 Nxd5 24. Nxc5 Raxb6 25. Nxb6 Rxb6 26. Qa2 Nb4 27. Qb3 Rb8 28. Nxd7 Qxd7 29. Rb1 Nc6 30. Qa2 Rxb1+
31. Qxb1 Qa7 32. Qb5 Qc7 33. Rc3
1-0

[Event "aston294"]
[Site "SchemingMind.com"]
[Date "2007.10.16"]
[Round "-"]
[White "Quaff"]
[Black "bdenley"]
[Result "0-1"]
[WhiteCountry "ENG"]
[BlackCountry "USA"]
[WhiteElo "1607"]
[WhiteRD "71"]
[BlackElo "1626"]
[BlackRD "78"]
[GameID "124190"]

1. e4 c5 2. Nf3 Nc6 3. Bc4 Nf6 4. d3 a6 5. a3 b5 6. Ba2 g6 7. Be3 d6 8. h3 Bb7 9. Nbd2 Bg7 10. Nh2 O-O
11. f4 Qa5 12. c3 Rac8 13. b4 cxb4 14. axb4 Qd8 15. Rc1 Nd7 16. O-O Nb6 17. Nb3 Na4 18. Qe1 Nb8 19. Bd2 Rc7 20. Nf3 Nd7
21. d4 Nf6 22. d5 Rc4 23. Bb1 Qd7 24. Bd3 Rc7 25. Na5 Rfc8 26. Nxb7 Rxb7 27. Bc2 Nb6 28. Bd3 Nc4 29. Bxc4 Rxc4 30. Nd4 Rbc7
0-1

[Event "aston294"]
[Site "SchemingMind.com"]
[Date "2007.11.26"]
[Round "-"]
[White "Orome"]
[Black "Neutrino"]
[Result "1-0"]
[WhiteCountry "SUI"]
[BlackCountry "EGY"]
[WhiteElo "1821"]
[WhiteRD "80"]
[BlackElo "1666"]
[BlackRD "98"]
[GameID "130247"]

1. e4 c5 2. Nf3 d6 3. d4 cxd4 4. Nxd4 Nf6 5. Nc3 a6 6. Be3 e5 7. Nb3 Be7 8. f3 Be6 9. Qd2 Nbd7 10. g4 b5
11. g5 Nh5 12. O-O-O
1-0